Les surprenants chiffres des Français - 13 - Statistiques

Statistiques générales
  • Ce quiz a été pris 11 fois
  • Le résultat moyen est 4 sur 15
Statistiques - réponses
Hint Réponse % Correct
70000 bénévoles réguliers des Restos du coeur
56%
142 Millions par an repas distribués par les Restos du coeur
56%
60 kilos par seconde déchets jetés dans la nature en France
44%
46 % des adultes français ont déjà consommé du cannabis
44%
80 % taxes sur le prix des cigarettes en France
44%
10 Millions par an de parapluies sont jetés
33%
2,3 % des déchets sont incinérés en France
33%
350 tonnes par an tabac saisi par les douanes françaises
33%
12000 kilos par seconde déchets agricoles produits en France
22%
55 kilos par an production d'encombrants par un foyer français
22%
150 Millions par an Cintres jetés en France
11%
570 kilos par seconde déchets organiques produits par les Français
11%
40 tonnes par jour médicaments non utilisés collectés
11%
1 toutes les 4 secondes vieux matelas ou sommier jeté sans recyclage
11%
12 par seconde yaourts jetés sans être consommés en France
11%
Aucun quiz correspondant
Distribution des résultats
% des personnes avec chaque résultat
Percentile par nombre de réponses
Votre historique - résultats
Vous n’avez pas pris ce quiz